Normal view
MARC view
- Low-fat diet
Entry Topical Term
001 - CONTROL NUMBER
- control field: 8295
003 - CONTROL NUMBER IDENTIFIER
- control field: NUST
005 - DATE AND TIME OF LATEST TRANSACTION
- control field: 20180112091104.0
008 - FIXED-LENGTH DATA ELEMENTS
- fixed length control field: 180112|| aca||aabn | a|a d
040 ## - CATALOGING SOURCE
- Original cataloging agency: NUST
- Transcribing agency: NUST
150 ## - HEADING--TOPICAL TERM
- Topical term or geographic name entry element: Low-fat diet
- Form subdivision: Recipes.
670 ## - SOURCE DATA FOUND
- Source citation: Work cat.: (NUST)0: Skim the fat :, 1995.
